000 00580nam a22001577a 4500
005 2012041903283.0
020 _a8175330600
_c00.00
035 _aA-936183
037 _aDPL
_bENG
245 _aScheduled castes today /
_cedited by Makhan Jha
260 _aNew Delhi
_bM D Publications Pvt Ltd
_c1997
300 _axiii, 172p.
_c20 cms.
700 _aJha, Makhan
_945363
942 _2ddc
_cEN
_h305.56
_mJHA
999 _c65239
_d65239